| 000 | 14372nam a22009377a 4500 | ||
|---|---|---|---|
| 005 | 20081110165049.0 | ||
| 008 | 081110t xxu||||| |||| 00| 0 hin d | ||
| 010 | _aHIN-84780 B-312646-691 | ||
| 020 |
_a9788187775440 _c250.00 |
||
| 035 | _aHN-57126 | ||
| 035 | _aB-312646-691 | ||
| 035 | _aB-357864 | ||
| 037 | _bDBAD / PUB | ||
| 037 | _bआकाशदीप पब्लिकेशंस | ||
| 037 | _bअनुराग प्रकाशन | ||
| 040 |
_aDPL _bHN |
||
| 082 | _a571.9 | ||
| 100 | _aआनन्द, समीर | ||
| 245 |
_aमानव रोगःबचाव एवं उपचार / _cसमीर आनन्द |
||
| 246 |
_aManav rog: bachav evam upchar _bby Sameer Anand |
||
| 260 |
_aनई दिल्ली _bआकाशदीप पब्लिकेशंस _c2008 |
||
| 270 |
_a1/1073-डी, महरौली _bनई दिल्ली _e110030 |
||
| 300 |
_a215पृ _c22सेमी (सजिल्द) |
||
| 650 | _aचिकित्सा | ||
| 650 | _aMedicine | ||
| 650 | _aरोग विज्ञान | ||
| 650 | _aPathology | ||
| 650 | _aरोग | ||
| 650 | _aDiseases | ||
| 942 |
_2ddc _cHN _mआनन्द _h571.9 |
||
| 999 |
_c18251 _d18251 |
||